000 00976cab a2200289 4500
001 WB2940-38
008 090401t1993 xxu||||| |||| 00| 0 eng d
035 _a(Sirsi) u58951
041 _aeng
245 4 _aThe commercial valuer
260 _c1993
350 _a0
490 _aCSW - The Property Week
_v45(4) 28 October 1993, 54-55(2)
520 _aA number of recent cases have clarified the legal position for valuers sued for negligent valuations in a falling market.
650 _aDUTY OF CARE
650 _aHIT FINANCE LTD V LEWIS & TUCKER LTD
650 _aMARGIN OF ERROR
650 _aMOUNT BANKING CORPORATION LTD V BRIAN COOPER & CO
650 _aNEGLIGENCE
650 _aP K FINANS INTERNATONAL (UK) LTD V ANDREW DOWNS & CO
650 _aPRIVATE BANK & TRUST C LTD V S (UK) LTD
650 _aVALUERS
690 _aMANAGEMENT-BUSINESS MANAGEMENT-PROFESSIONAL PRACTICE
690 _aRATING AND VALUATION
942 _n0
948 _c04/03/1997
999 _c36076
_d36076